| 000 | 00355nam a2200157Ia 4500 | ||
|---|---|---|---|
| 008 | 200103s9999||||xx |||||||||||||| ||und|| | ||
| 020 | _a0114003114, | ||
| 040 | _aIMU-MPC | ||
| 082 | _aColumn-46 | ||
| 100 | _aHMSO, London | ||
| 245 | 0 | _aMeteorology for Mariners | |
| 250 | _a3rd Ed. | ||
| 260 |
_bHMSO, London _c1983 |
||
| 300 | _ax, 275 | ||
| 942 | _cBK | ||
| 999 |
_c9355 _d9355 |
||